Common sense compost making / (Record no. 6002)
[ view plain ]
| 000 -LEADER | |
|---|---|
| fixed length control field | 00380cam a2200157ua 4500 |
| 003 - CONTROL NUMBER IDENTIFIER | |
| control field | OSt |
| 008 - FIXED-LENGTH DATA ELEMENTS--GENERAL INFORMATION | |
| fixed length control field | 260425b |||||||| |||| 00| 0 eng d |
| 041 ## - LANGUAGE CODE | |
| Language code of text/sound track or separate title | eng |
| 082 ## - DEWEY DECIMAL CLASSIFICATION NUMBER | |
| Classification number | 631.875 |
| Item number | BRU/CO |
| 100 ## - MAIN ENTRY--AUTHOR NAME | |
| Personal name | Bruce, Maye E . |
| 245 ## - TITLE STATEMENT | |
| Title | Common sense compost making / |
| 260 ## - PUBLICATION, DISTRIBUTION, ETC. (IMPRINT) | |
| Place of publication | London : |
| Name of publisher | Faber and Faber Ltd. |
| 300 ## - PHYSICAL DESCRIPTION | |
| Number of Pages | 102 ; . |
| 942 ## - ADDED ENTRY ELEMENTS (KOHA) | |
| Koha item type | Books |
| Withdrawn status | Lost status | Damaged status | Home library | Current library | Date acquired | Accession Number | Koha item type |
|---|---|---|---|---|---|---|---|
| KAUAET | KAUAET | 07/04/2012 | 3451 | Books |
